000 00339nam a22001457a 4500
008 221207b ||||| |||| 00| 0 eng d
020 _a9780321538123
041 _aeng
080 _2THIRD EDITION
_a615.83
082 _a615.83 POW
100 _a16.2
101 _aEGZ
245 _aTOTAL FITNESS WELLNESS
_cPOWERS K S
942 _2udc
_cBK
999 _c59128
_d59128